000
003200000a22001450004500
001
005627
003
MACL
040
_a
MACL
090
_c
17620
_d
17619
245
_a
Taveel ul Quran
_b
Naqvi Hakeem Mohd Hasan
260
_a
Matba Riyazi Amroha,
_c
1322
350
_a
4.00
650
_a
Urdu Literature
942
_k
891
_c
Book
999
_c
17509
_d
17509